[Event "Montcalm op 2 2013-14"]
[Site "Quebec CAN"]
[Date "2013.10.24"]
[Round "3"]
[White "Boulianne, Gabriel"]
[Black "Sarra-Bournet, Marc"]
[Result "1/2-1/2"]
[WhiteElo "1757"]
[BlackElo "1810"]
[PlyCount "183"]
[GameId "2160767909229283"]
[EventDate "2013.10.10"]
[EventType "swiss"]
[EventRounds "5"]
[EventCountry "CAN"]
[SourceTitle "EXT 2022"]
[Source "ChessBase"]
[SourceDate "2021.10.06"]
[SourceVersion "1"]
[SourceVersionDate "2021.10.06"]
[SourceQuality "1"]

1. e4 e5 2. Nf3 Nc6 3. Bc4 Bc5 4. c3 d6 5. O-O Nf6 6. d3 O-O 7. Bg5 h6 8. Bh4 Bg4 9. h3 Bd7 10. Nbd2 Qe7 11. Re1 Nd8 12. d4 Bb6 13. Nf1 g5 14. Nxg5 hxg5 15. Bxg5 Ne6 16. Bh4 Nf4 17. Qf3 Kh7 18. g3 Nxh3+ 19. Kg2 Kg7 20. Ne3 c6 21. Nf5+ Bxf5 22. Qxf5 Rh8 23. Kxh3 Rag8 24. Kg2 Rh6 25. dxe5 dxe5 26. Rad1 Kf8 27. Qc8+ Kg7 28. Qf5 Kf8 29. Qc8+ Qe8 30. Qxe8+ Nxe8 31. Rd7 Rg7 32. Be7+ Kg8 33. Bd8 Nf6 34. Bxf6 Rxf6 35. Re2 Rh7 36. Red2 Rfh6 37. Rxb7 Rh2+ 38. Kf3 Kf8 39. b4 c5 40. Rdd7 cxb4 41. Rxf7+ Rxf7+ 42. Rxf7+ Ke8 43. Ke2 bxc3 44. Kd3 Bd4 45. Bb3 Rh1 46. Kc2 Re1 47. f3 Re2+ 48. Kd1 Rd2+ 49. Ke1 Bf2+ 50. Kf1 Bxg3 51. Rc7 Rf2+ 52. Kg1 Rxf3 53. Kg2 Re3 54. Rxa7 Be1 55. Rc7 Rxe4 56. Kf1 Bd2 57. Rc5 Kd7 58. Kg2 Kd6 59. Rc8 Rb4 60. Kf3 Rb5 61. Rc4 Rc5 62. Rxc5 Kxc5 63. Ke4 Bf4 64. Kd3 Kb4 65. Bd5 Bd2 66. Bb3 Ka3 67. Ke4 Bf4 68. Kd3 Kb2 69. Ba4 Bg3 70. Bb3 Bf2 71. Ke4 Bd4 72. Kd3 Bb6 73. Ke4 Bc7 74. Kd3 Bb8 75. Ba4 Bc7 76. Bb3 Ba5 77. Ke4 Bc7 78. Kd3 Bd6 79. Ba4 Bc5 80. Bd1 Bd4 81. Bb3 Ka3 82. Ke4 Kb2 83. Kd3 Kc1 84. Ba4 Kb2 85. Bb3 Kb1 86. a4 Kb2 87. Bd1 Ba7 88. a5 Bd4 89. a6 Ka3 90. Ke4 Kb4 91. a7 Bxa7 92. Kxe5 1/2-1/2

[Event "Montcalm op 2 2013-14"]
[Site "Quebec CAN"]
[Date "2013.10.24"]
[Round "3"]
[White "Hebert, Andre jr"]
[Black "Bourassa, Andre"]
[Result "0-1"]
[WhiteElo "1610"]
[BlackElo "1691"]
[PlyCount "50"]
[GameId "2160767909229284"]
[EventDate "2013.10.10"]
[EventType "swiss"]
[EventRounds "5"]
[EventCountry "CAN"]
[SourceTitle "EXT 2022"]
[Source "ChessBase"]
[SourceDate "2021.10.06"]
[SourceVersion "1"]
[SourceVersionDate "2021.10.06"]
[SourceQuality "1"]

1. f4 d5 2. Nf3 c5 3. e3 a6 4. b3 Nf6 5. Bb2 e6 6. Be2 Nc6 7. O-O Bd6 8. Ne5 O-O 9. Bf3 Ne7 10. g4 Nd7 11. d4 f6 12. Nd3 Qc7 13. c4 dxc4 14. bxc4 cxd4 15. Bxd4 Qxc4 16. Nb2 Qc7 17. Nd2 Nc6 18. Rc1 Ndb8 19. Ndc4 Nxd4 20. Qxd4 Bc5 21. Qd3 Nc6 22. Nd2 Qe7 23. Nb3 Ba7 24. Qc4 Bxe3+ 25. Kg2 Bxc1 0-1

[Event "Montcalm op 2 2013-14"]
[Site "Quebec CAN"]
[Date "2013.10.24"]
[Round "3"]
[White "Lessard, Claude"]
[Black "Gaulin, Gaetan"]
[Result "1/2-1/2"]
[WhiteElo "2100"]
[BlackElo "2021"]
[PlyCount "55"]
[GameId "2160767909229285"]
[EventDate "2013.10.10"]
[EventType "swiss"]
[EventRounds "5"]
[EventCountry "CAN"]
[SourceTitle "EXT 2022"]
[Source "ChessBase"]
[SourceDate "2021.10.06"]
[SourceVersion "1"]
[SourceVersionDate "2021.10.06"]
[SourceQuality "1"]

1. d4 Nf6 2. c4 e6 3. Nf3 b6 4. g3 Bb7 5. Bg2 Be7 6. O-O O-O 7. Nc3 d5 8. Ne5 Nbd7 9. cxd5 exd5 10. Nd3 Re8 11. a3 Bf8 12. Bg5 h6 13. Bxf6 Nxf6 14. Rc1 c6 15. e3 Ba6 16. Re1 Bxd3 17. Qxd3 Qd7 18. e4 dxe4 19. Nxe4 Nd5 20. Red1 Rac8 21. Nd2 g6 22. Qf1 Rc7 23. Nf3 Bg7 24. Bh3 Qd6 25. Qd3 Rd8 26. Bg2 Ne7 27. Qe2 Nf5 28. Qd2 1/2-1/2

[Event "Montcalm op 2 2013-14"]
[Site "Quebec CAN"]
[Date "2013.10.24"]
[Round "3"]
[White "Marquis, Paul"]
[Black "Bluteau, Yvon"]
[Result "1-0"]
[WhiteElo "1983"]
[BlackElo "1841"]
[PlyCount "109"]
[GameId "2160767909229286"]
[EventDate "2013.10.10"]
[EventType "swiss"]
[EventRounds "5"]
[EventCountry "CAN"]
[SourceTitle "EXT 2022"]
[Source "ChessBase"]
[SourceDate "2021.10.06"]
[SourceVersion "1"]
[SourceVersionDate "2021.10.06"]
[SourceQuality "1"]

1. c4 Nf6 2. Nc3 g6 3. e4 d6 4. d4 Bg7 5. Nf3 O-O 6. Be2 Nc6 7. d5 Nb8 8. h3 c6 9. Be3 Nbd7 10. g4 Qa5 11. O-O Nc5 12. Nd2 Bd7 13. a3 Qc7 14. b4 Nxg4 15. hxg4 Bxc3 16. bxc5 dxc5 17. Bh6 Bd4 18. Kg2 f5 19. Bxf8 Rxf8 20. Rb1 fxe4 21. Nxe4 Qf4 22. f3 Be5 23. Rh1 Bxg4 24. fxg4 Qxe4+ 25. Bf3 Qxc4 26. Qb3 Qf4 27. Rh3 Qd2+ 28. Kh1 c4 29. Qd1 Qxd1+ 30. Rxd1 cxd5 31. Bxd5+ Kg7 32. Bxc4 Bd6 33. Rdd3 Rf4 34. Be6 Rf1+ 35. Kg2 Rf6 36. Bd7 Bf4 37. Rhf3 g5 38. Bf5 Rb6 39. Rd7 Kf8 40. Bxh7 Rh6 41. Rh3 Rb6 42. Rd8+ Kf7 43. Bf5 Rb2+ 44. Kf1 Bd6 45. Rh5 Bf4 46. Rh7+ Kf6 47. Rf8+ Ke5 48. Rxe7+ Kd6 49. Rd7+ Kc6 50. Rc8+ Kb6 51. Be4 Ka6 52. Rg8 Bg3 53. Rg6+ b6 54. Rxg5 b5 55. Rg6+ 1-0

[Event "Montcalm op 2 2013-14"]
[Site "Quebec CAN"]
[Date "2013.10.24"]
[Round "3"]
[White "Ripoll, Arthur"]
[Black "Courtemanche, Marc Andre"]
[Result "1/2-1/2"]
[WhiteElo "1698"]
[BlackElo "1573"]
[PlyCount "138"]
[GameId "2160767909229287"]
[EventDate "2013.10.10"]
[EventType "swiss"]
[EventRounds "5"]
[EventCountry "CAN"]
[SourceTitle "EXT 2022"]
[Source "ChessBase"]
[SourceDate "2021.10.06"]
[SourceVersion "1"]
[SourceVersionDate "2021.10.06"]
[SourceQuality "1"]

1. e4 c6 2. d4 d5 3. e5 Bf5 4. h4 h6 5. g4 Bh7 6. e6 fxe6 7. Bd3 Nf6 8. g5 Ne4 9. f3 Ng3 10. Bxh7 Nxh1 11. Bg6+ Kd7 12. Bf4 e5 13. Bxe5 hxg5 14. Qe2 e6 15. h5 g4 16. Qh2 Be7 17. Qxh1 Bf6 18. fxg4 Bxe5 19. dxe5 Qg5 20. Qf3 Qxe5+ 21. Ne2 Kd6 22. Nbc3 Nd7 23. O-O-O Rhf8 24. Qd3 Qg5+ 25. Kb1 Qxg4 26. Rg1 Qf3 27. Qd2 Ne5 28. a3 Nxg6 29. Rxg6 Rf7 30. Nd4 Qf1+ 31. Ka2 Re8 32. Qg5 Qc4+ 33. Nb3 a5 34. a4 b5 35. Kb1 b4 36. Nxa5 Qf1+ 37. Ka2 bxc3 38. Qg3+ Qf4 39. Qxf4+ Rxf4 40. Nb7+ Ke5 41. Rxg7 Rxa4+ 42. Kb3 cxb2 43. Kxb2 Rh8 44. Nc5 Rh4 45. Rg6 Kf5 46. Rxe6 Rb8+ 47. Kc1 Rxh5 48. Rxc6 Rh2 49. Nb3 Rg8 50. Nd4+ Ke4 51. Nb3 Rg1+ 52. Kb2 Rd1 53. Re6+ Kf5 54. Rd6 Ke5 55. Rd8 d4 56. Re8+ Kf4 57. Rf8+ Ke3 58. Re8+ Kf2 59. Re4 d3 60. cxd3 Kf3+ 61. Kc3 Rh8 62. Nd4+ Kf2 63. Re2+ Kg3 64. Kc2 Ra1 65. Nb3 Ra2+ 66. Kd1 Rh1+ 67. Re1 Rxe1+ 68. Kxe1 Ra3 69. Nc1 Rxd3 1/2-1/2

[Event "Montcalm op 2 2013-14"]
[Site "Quebec CAN"]
[Date "2013.10.31"]
[Round "4"]
[White "Bluteau, Yvon"]
[Black "Gaulin, Gaetan"]
[Result "0-1"]
[WhiteElo "1841"]
[BlackElo "2021"]
[PlyCount "50"]
[GameId "2160767909229288"]
[EventDate "2013.10.10"]
[EventType "swiss"]
[EventRounds "5"]
[EventCountry "CAN"]
[SourceTitle "EXT 2022"]
[Source "ChessBase"]
[SourceDate "2021.10.06"]
[SourceVersion "1"]
[SourceVersionDate "2021.10.06"]
[SourceQuality "1"]

1. e4 c5 2. Nf3 e6 3. d4 cxd4 4. Nxd4 Nc6 5. Be2 Qc7 6. O-O Nf6 7. Nc3 a6 8. a4 Bb4 9. Nxc6 dxc6 10. Na2 Bd6 11. h3 Nxe4 12. Be3 O-O 13. Bd3 Nf6 14. c4 c5 15. Qc2 Bh2+ 16. Kh1 Bf4 17. Rfe1 b6 18. Nc3 Bb7 19. Qd2 Qc6 20. f3 Bxe3 21. Qxe3 Rfd8 22. Rad1 Rd4 23. Qe5 Rad8 24. Re3 Qd6 25. Qg5 h6 0-1

[Event "Montcalm op 2 2013-14"]
[Site "Quebec CAN"]
[Date "2013.10.31"]
[Round "4"]
[White "Bourassa, Andre"]
[Black "Ripoll, Arthur"]
[Result "1/2-1/2"]
[WhiteElo "1691"]
[BlackElo "1698"]
[PlyCount "55"]
[GameId "2160767909229289"]
[EventDate "2013.10.10"]
[EventType "swiss"]
[EventRounds "5"]
[EventCountry "CAN"]
[SourceTitle "EXT 2022"]
[Source "ChessBase"]
[SourceDate "2021.10.06"]
[SourceVersion "1"]
[SourceVersionDate "2021.10.06"]
[SourceQuality "1"]

1. d4 Nf6 2. c4 e6 3. Nc3 Bb4 4. Bd2 c5 5. Nf3 Nc6 6. e3 O-O 7. Bd3 d5 8. O-O cxd4 9. exd4 dxc4 10. Bxc4 Nxd4 11. Be3 Nf5 12. Bd2 Qc7 13. Qb3 Be7 14. Rac1 a6 15. Rfe1 b5 16. Bd3 Qd8 17. Ne4 Bb7 18. Bf4 Nd4 19. Nxd4 Qxd4 20. Be3 Qe5 21. Nxf6+ Qxf6 22. Qc2 h6 23. Qe2 Rac8 24. Bb1 Bd6 25. Qd3 Qg6 26. Qxg6 fxg6 27. Bxg6 Bd5 28. b3 1/2-1/2

[Event "Montcalm op 2 2013-14"]
[Site "Quebec CAN"]
[Date "2013.10.31"]
[Round "4"]
[White "Cummins, Paul"]
[Black "Boulianne, Gabriel"]
[Result "1-0"]
[WhiteElo "1715"]
[BlackElo "1757"]
[PlyCount "57"]
[GameId "2160767909229290"]
[EventDate "2013.10.10"]
[EventType "swiss"]
[EventRounds "5"]
[EventCountry "CAN"]
[SourceTitle "EXT 2022"]
[Source "ChessBase"]
[SourceDate "2021.10.06"]
[SourceVersion "1"]
[SourceVersionDate "2021.10.06"]
[SourceQuality "1"]

1. e4 c5 2. Nf3 d6 3. d4 cxd4 4. Nxd4 Nf6 5. Nc3 a6 6. Be3 e5 7. Nb3 Be6 8. f3 Be7 9. g4 b5 10. g5 Nfd7 11. Qd2 Nb6 12. O-O-O Nc4 13. Bxc4 Bxc4 14. f4 Nc6 15. Nd5 Bxd5 16. exd5 exf4 17. Bxf4 Ne5 18. Nd4 Rc8 19. Nf5 O-O 20. h4 Rc4 21. Bxe5 dxe5 22. d6 Bxd6 23. Qxd6 Qa5 24. b3 Rxc2+ 25. Kxc2 Rc8+ 26. Kb1 Kh8 27. Qxe5 f6 28. gxf6 Rc2 29. Qe8# 1-0

[Event "Montcalm op 2 2013-14"]
[Site "Quebec CAN"]
[Date "2013.10.31"]
[Round "4"]
[White "Marquis, Paul"]
[Black "Bergeron, Marc"]
[Result "1-0"]
[WhiteElo "1983"]
[BlackElo "2026"]
[PlyCount "63"]
[GameId "2160767909229291"]
[EventDate "2013.10.10"]
[EventType "swiss"]
[EventRounds "5"]
[EventCountry "CAN"]
[SourceTitle "EXT 2022"]
[Source "ChessBase"]
[SourceDate "2021.10.06"]
[SourceVersion "1"]
[SourceVersionDate "2021.10.06"]
[SourceQuality "1"]

1. c4 e5 2. Nc3 Nf6 3. Nf3 Nc6 4. g3 Bc5 5. Bg2 d6 6. a3 a5 7. O-O h6 8. d3 O-O 9. Bd2 Be6 10. Na4 Ba7 11. b4 d5 12. b5 e4 13. bxc6 exf3 14. Bxf3 bxc6 15. c5 d4 16. Bxc6 Rb8 17. Bxa5 Bb3 18. Qd2 Qc8 19. Nb2 Bxc5 20. Rfc1 Bb6 21. Bb4 Nd5 22. Bxf8 Qxf8 23. Nc4 Ne7 24. Bg2 Bxc4 25. Rxc4 Ng6 26. a4 Ne5 27. Rc2 Qd6 28. Rb2 Re8 29. a5 Bc5 30. a6 c6 31. Rb7 Ra8 32. Qa5 1-0

[Event "Montcalm op 2 2013-14"]
[Site "Quebec CAN"]
[Date "2013.11.07"]
[Round "5"]
[White "Bergeron, Marc"]
[Black "Bluteau, Yvon"]
[Result "1-0"]
[WhiteElo "2026"]
[BlackElo "1841"]
[PlyCount "63"]
[GameId "2160767909229292"]
[EventDate "2013.10.10"]
[EventType "swiss"]
[EventRounds "5"]
[EventCountry "CAN"]
[SourceTitle "EXT 2022"]
[Source "ChessBase"]
[SourceDate "2021.10.06"]
[SourceVersion "1"]
[SourceVersionDate "2021.10.06"]
[SourceQuality "1"]

1. c4 c5 2. Nc3 Nf6 3. g3 d5 4. cxd5 Nxd5 5. Bg2 e6 6. Nf3 Nc6 7. O-O Be7 8. d4 O-O 9. Nxd5 exd5 10. dxc5 Bxc5 11. Bg5 f6 12. Bd2 Be6 13. Rc1 Qe7 14. a3 Rac8 15. b4 Bb6 16. b5 Ne5 17. Nxe5 fxe5 18. Bb4 Bc5 19. Bxd5 Bxb4 20. Bxe6+ Qxe6 21. axb4 Rcd8 22. Qc2 Rd4 23. Qc3 Qg4 24. f3 Qd7 25. Qb3+ Kh8 26. Rc5 e4 27. Qc3 Qd6 28. Rc8 Kg8 29. Rxf8+ Kxf8 30. fxe4+ Ke7 31. Qc8 Rxe4 32. Qxb7+ 1-0

[Event "Montcalm op 2 2013-14"]
[Site "Quebec CAN"]
[Date "2013.11.07"]
[Round "5"]
[White "Biakolo, Lima"]
[Black "Sarra-Bournet, Marc"]
[Result "1-0"]
[WhiteElo "1739"]
[BlackElo "1810"]
[PlyCount "129"]
[GameId "2160767909229293"]
[EventDate "2013.10.10"]
[EventType "swiss"]
[EventRounds "5"]
[EventCountry "CAN"]
[SourceTitle "EXT 2022"]
[Source "ChessBase"]
[SourceDate "2021.10.06"]
[SourceVersion "1"]
[SourceVersionDate "2021.10.06"]
[SourceQuality "1"]

1. e4 e5 2. Nf3 Nc6 3. Bb5 a6 4. Ba4 Nf6 5. O-O Be7 6. Re1 b5 7. Bb3 d6 8. c3 O-O 9. d3 Na5 10. Bc2 c5 11. Nbd2 Bg4 12. Nf1 Qc7 13. Bg5 h6 14. Bxf6 Bxf6 15. Ne3 Be6 16. h3 Nc6 17. Nh2 Bg5 18. Qf3 g6 19. Bb3 Bxb3 20. axb3 b4 21. Nhg4 Qd8 22. Nd5 Kg7 23. Nge3 a5 24. g3 f5 25. exf5 e4 26. dxe4 Ne5 27. Qe2 Bxe3 28. Nxe3 Qd7 29. f4 Nc6 30. Qg4 Qf7 31. fxg6 Qxg6 32. Nf5+ Kh7 33. Qxg6+ Kxg6 34. Nxd6 Ne7 35. e5 Rfb8 36. c4 Nc6 37. f5+ Kg7 38. Re3 Rd8 39. f6+ Kg6 40. Rf1 Nxe5 41. Rxe5 Rxd6 42. f7 Rf8 43. Rxc5 Rxf7 44. Rxf7 Kxf7 45. Rd5 Rxd5 46. cxd5 Ke7 47. Kf2 Kd6 48. Ke3 Kxd5 49. g4 Ke5 50. h4 Kd5 51. Kf4 Kd4 52. g5 hxg5+ 53. hxg5 Kd3 54. g6 Kc2 55. g7 Kxb3 56. g8=Q+ Kxb2 57. Qa8 b3 58. Qxa5 Kc2 59. Qc5+ Kb1 60. Ke3 b2 61. Kd2 Ka2 62. Qa5+ Kb3 63. Qb5+ Ka2 64. Kc2 b1=Q+ 65. Qxb1+ 1-0

[Event "Montcalm op 2 2013-14"]
[Site "Quebec CAN"]
[Date "2013.11.07"]
[Round "5"]
[White "Courtemanche, Marc Andre"]
[Black "Bourassa, Andre"]
[Result "0-1"]
[WhiteElo "1573"]
[BlackElo "1691"]
[PlyCount "106"]
[GameId "2160767909229294"]
[EventDate "2013.10.10"]
[EventType "swiss"]
[EventRounds "5"]
[EventCountry "CAN"]
[SourceTitle "EXT 2022"]
[Source "ChessBase"]
[SourceDate "2021.10.06"]
[SourceVersion "1"]
[SourceVersionDate "2021.10.06"]
[SourceQuality "1"]

1. e4 c5 2. c3 d6 3. d4 cxd4 4. cxd4 e6 5. Nf3 Nf6 6. Nc3 Be7 7. Bd3 Nc6 8. Qe2 a6 9. O-O b5 10. e5 dxe5 11. dxe5 Nd7 12. h4 Bxh4 13. Nxh4 Qxh4 14. f4 Bb7 15. Ne4 O-O 16. g3 Qe7 17. Qh2 f5 18. exf6 gxf6 19. Nd6 Nc5 20. Bc2 Nd4 21. Nxb7 Nxc2 22. Qxc2 Nxb7 23. f5 Qc5+ 24. Qxc5 Nxc5 25. Bh6 Rfe8 26. Rac1 Nd3 27. Rc6 Ne5 28. Rxe6 Rxe6 29. fxe6 Re8 30. e7 Kf7 31. Bd2 Rxe7 32. Bc3 Re6 33. Kg2 Kg6 34. Rd1 Nc4 35. Kf2 Nd6 36. Bb4 Ne4+ 37. Kf3 Ng5+ 38. Kf2 Rc6 39. Kf1 Ne4 40. Rd3 Rc2 41. Re3 Ng5 42. Bc3 Kf5 43. Re2 Rc1+ 44. Kg2 Ne4 45. g4+ Kf4 46. Bd4 Rd1 47. Bb6 f5 48. gxf5 Kxf5 49. Kf3 Rd3+ 50. Re3 Rxe3+ 51. Kxe3 h5 52. Bd8 Ng5 53. Kd4 Ne6+ 0-1

[Event "Montcalm op 2 2013-14"]
[Site "Quebec CAN"]
[Date "2013.11.07"]
[Round "5"]
[White "Dube, Daniel"]
[Black "Cummins, Paul"]
[Result "0-1"]
[WhiteElo "1837"]
[BlackElo "1715"]
[PlyCount "158"]
[GameId "2160767909229295"]
[EventDate "2013.10.10"]
[EventType "swiss"]
[EventRounds "5"]
[EventCountry "CAN"]
[SourceTitle "EXT 2022"]
[Source "ChessBase"]
[SourceDate "2021.10.06"]
[SourceVersion "1"]
[SourceVersionDate "2021.10.06"]
[SourceQuality "1"]

1. e4 c6 2. c4 d5 3. exd5 cxd5 4. cxd5 Qxd5 5. Nc3 Qd8 6. Nf3 Nf6 7. Bc4 e6 8. O-O Be7 9. d4 O-O 10. Qe2 a6 11. Rd1 b5 12. Bd3 Bb7 13. Bg5 Nbd7 14. Ne5 b4 15. Nxd7 Qxd7 16. Bxf6 Bxf6 17. Ne4 Qe7 18. Qh5 g6 19. Nxf6+ Qxf6 20. Qh6 Rfd8 21. Rac1 Rxd4 22. Rc7 Be4 23. Be2 Rxd1+ 24. Bxd1 Rd8 25. Be2 Qe5 26. Rc4 Qxb2 27. Qh4 Qa1+ 28. Bf1 Rd1 29. h3 Rxf1+ 30. Kh2 Qe5+ 31. f4 Rxf4 32. Qg3 Qf6 33. Qe3 e5 34. Rxb4 Qf5 35. Rb8+ Kg7 36. Qc5 Kh6 37. Qf8+ Kg5 38. Qd8+ Qf6 39. Qd2 Bxg2 40. Qxg2+ Kh6 41. Rb2 Rf1 42. Qe2 Qf3 43. Qg2 Qxg2+ 44. Kxg2 Rf4 45. Kg3 Ra4 46. Re2 Ra3+ 47. Kh2 a5 48. Rxe5 Rxa2+ 49. Kg3 a4 50. Re7 Rb2 51. Rxf7 a3 52. Ra7 a2 53. Ra6 Kg5 54. Ra5+ Kf6 55. Kf4 Rf2+ 56. Kg3 Rb2 57. Kf4 Ke6 58. Ke4 Rh2 59. Ra6+ Kf7 60. Ra7+ Kf6 61. Kf4 Rxh3 62. Ra6+ Ke7 63. Rxa2 Rd3 64. Rh2 h5 65. Rg2 Rd6 66. Kg5 Kf7 67. Rf2+ Kg7 68. Rc2 Rd5+ 69. Kh4 Kf6 70. Rc6+ Kf5 71. Rc4 Re5 72. Rc8 Re4+ 73. Kh3 Kg5 74. Rc5+ Kf4 75. Rc6 g5 76. Rf6+ Ke3 77. Rg6 Rg4 78. Rh6 Kf3 79. Rxh5 Rg2 0-1

[Event "Montcalm op 2 2013-14"]
[Site "Quebec CAN"]
[Date "2013.11.07"]
[Round "5"]
[White "Gaulin, Gaetan"]
[Black "Auger, Bertrand"]
[Result "1/2-1/2"]
[WhiteElo "2021"]
[BlackElo "2042"]
[PlyCount "83"]
[GameId "2160767909229296"]
[EventDate "2013.10.10"]
[EventType "swiss"]
[EventRounds "5"]
[EventCountry "CAN"]
[SourceTitle "EXT 2022"]
[Source "ChessBase"]
[SourceDate "2021.10.06"]
[SourceVersion "1"]
[SourceVersionDate "2021.10.06"]
[SourceQuality "1"]

1. d4 Nf6 2. c4 e6 3. Nc3 Bb4 4. e3 b6 5. Bd3 Bb7 6. Nf3 O-O 7. Qc2 c5 8. a3 Bxc3+ 9. bxc3 d6 10. O-O Qe7 11. e4 e5 12. d5 Nbd7 13. g3 Nh5 14. Nh4 g6 15. Bh6 Ng7 16. Rae1 f6 17. f4 Rf7 18. Be2 Nf8 19. Bg4 Bc8 20. Bxc8 Rxc8 21. fxe5 Qxe5 22. Bf4 Qe7 23. Bh6 Nd7 24. Nf3 Ne5 25. Nxe5 Qxe5 26. Bf4 Qe7 27. g4 g5 28. Bg3 h5 29. h3 hxg4 30. hxg4 Qd7 31. Qe2 Re8 32. Qf3 Ree7 33. Kg2 Ne8 34. Ra1 Rh7 35. a4 Rh6 36. Rfe1 Reh7 37. Qf5 Re7 38. Qxd7 Rxd7 39. Rh1 Rxh1 40. Rxh1 Nc7 41. Kf3 Ne8 42. Kg2 1/2-1/2

[Event "Montcalm op 2 2013-14"]
[Site "Quebec CAN"]
[Date "2013.11.07"]
[Round "5"]
[White "Lessard, Claude"]
[Black "Marquis, Paul"]
[Result "0-1"]
[WhiteElo "2042"]
[BlackElo "1983"]
[PlyCount "69"]
[GameId "2160767909229297"]
[EventDate "2013.10.10"]
[EventType "swiss"]
[EventRounds "5"]
[EventCountry "CAN"]
[SourceTitle "EXT 2022"]
[Source "ChessBase"]
[SourceDate "2021.10.06"]
[SourceVersion "1"]
[SourceVersionDate "2021.10.06"]
[SourceQuality "1"]

1. d4 Nf6 2. c4 g6 3. Nc3 Bg7 4. e4 d6 5. Nf3 O-O 6. Be2 e5 7. d5 a5 8. h3 Na6 9. O-O Nc5 10. Qc2 Nh5 11. Re1 Nf4 12. Bf1 f5 13. Bxf4 exf4 14. e5 dxe5 15. Nxe5 Bxe5 16. Rxe5 Qd6 17. Ree1 Bd7 18. a3 a4 19. Nb5 Bxb5 20. cxb5 Rfe8 21. Rad1 Re4 22. f3 Re3 23. Rxe3 fxe3 24. Re1 Re8 25. Qc3 f4 26. Bc4 h6 27. Ba2 Kh7 28. g4 b6 29. Bb1 Qe5 30. Qc2 Rg8 31. h4 h5 32. gxh5 Qxh5 33. Qh2 Qxf3 34. h5 Ne4 35. h6 0-1

[Event "Montcalm op 2 2013-14"]
[Site "Quebec CAN"]
[Date "2013.11.07"]
[Round "5"]
[White "Ripoll, Arthur"]
[Black "Gagnon, Stephane"]
[Result "1-0"]
[WhiteElo "1698"]
[BlackElo "1556"]
[PlyCount "53"]
[GameId "2160767909229298"]
[EventDate "2013.10.10"]
[EventType "swiss"]
[EventRounds "5"]
[EventCountry "CAN"]
[SourceTitle "EXT 2022"]
[Source "ChessBase"]
[SourceDate "2021.10.06"]
[SourceVersion "1"]
[SourceVersionDate "2021.10.06"]
[SourceQuality "1"]

1. e4 e5 2. Nf3 Nc6 3. Bb5 f5 4. d4 fxe4 5. Nxe5 Qf6 6. Bc4 Nxe5 7. dxe5 Qxe5 8. Bxg8 Rxg8 9. O-O Bd6 10. g3 Rf8 11. Nc3 h5 12. Re1 Kd8 13. Nxe4 Re8 14. Bf4 Qxe4 15. Rxe4 Rxe4 16. Bxd6 cxd6 17. Qxd6 Re6 18. Qf8+ Kc7 19. Qxg7 b6 20. Rd1 Kc6 21. f4 d6 22. Rd3 Ba6 23. Rc3+ Kd5 24. Ra3 Re1+ 25. Kf2 Rf1+ 26. Kg2 Bb5 27. Qg5+ 1-0

[Event "Montcalm op 3 2013-14"]
[Site "Quebec CAN"]
[Date "2013.11.14"]
[Round "1"]
[White "Bergeron, Marc"]
[Black "Courtemanche, Marc Andre"]
[Result "1-0"]
[WhiteElo "2019"]
[BlackElo "1618"]
[PlyCount "87"]
[GameId "2160767909216456"]
[EventDate "2013.11.14"]
[EventType "swiss"]
[EventRounds "5"]
[EventCountry "CAN"]
[SourceTitle "EXT 2022"]
[Source "ChessBase"]
[SourceDate "2021.10.06"]
[SourceVersion "1"]
[SourceVersionDate "2021.10.06"]
[SourceQuality "1"]

1. c4 e5 2. Nc3 d6 3. g3 f5 4. Bg2 Nf6 5. e3 Nc6 6. a3 Be6 7. Qa4 Bd7 8. Qc2 Be7 9. d3 O-O 10. Nge2 Qc8 11. f4 Rb8 12. b4 a6 13. Nd5 Re8 14. O-O Nd8 15. Bb2 Nf7 16. Nec3 b5 17. cxb5 Nxd5 18. Nxd5 axb5 19. Nxc7 Bd8 20. Rac1 Bxc7 21. Qxc7 exf4 22. exf4 Re3 23. Qxc8+ Bxc8 24. Rfe1 Rxe1+ 25. Rxe1 Kf8 26. Bd4 Bb7 27. Ba7 Ra8 28. Bxb7 Rxa7 29. Bc6 g6 30. Ra1 g5 31. Bxb5 gxf4 32. gxf4 Ke7 33. Bc4 Nh8 34. Kf2 Ng6 35. a4 Nxf4 36. Kf3 Ng6 37. a5 Ne5+ 38. Kf4 Kf6 39. a6 d5 40. Bb5 Nf7 41. d4 Nd6 42. Bd3 Nc8 43. b5 Rg7 44. Bxf5 1-0

[Event "Montcalm op 3 2013-14"]
[Site "Quebec CAN"]
[Date "2013.11.14"]
[Round "1"]
[White "Hebert, Andre jr"]
[Black "Bonneau, Daniel"]
[Result "0-1"]
[WhiteElo "1614"]
[BlackElo "2018"]
[PlyCount "62"]
[GameId "2160767909216457"]
[EventDate "2013.11.14"]
[EventType "swiss"]
[EventRounds "5"]
[EventCountry "CAN"]
[SourceTitle "EXT 2022"]
[Source "ChessBase"]
[SourceDate "2021.10.06"]
[SourceVersion "1"]
[SourceVersionDate "2021.10.06"]
[SourceQuality "1"]

1. f4 Nf6 2. Nf3 g6 3. Nc3 d6 4. e4 Bg7 5. d4 O-O 6. Be2 c5 7. Be3 cxd4 8. Nxd4 Nc6 9. Nxc6 bxc6 10. O-O Qa5 11. Bf3 Rb8 12. Rb1 Be6 13. a3 Nd7 14. Bd2 Qc5+ 15. Kh1 Nb6 16. b4 Qd4 17. Ne2 Qc4 18. Ng3 Qa2 19. Qc1 Nc4 20. f5 Nxd2 21. Qxd2 Bc4 22. Rfc1 Bb2 23. fxg6 fxg6 24. Rd1 Qxa3 25. Qg5 Ba2 26. Nf5 Bf6 27. Nxe7+ Bxe7 28. Qxe7 Bxb1 29. Qe6+ Kg7 30. Rxd6 Qc1+ 31. Rd1 Qxd1+ 0-1

[Event "Montcalm op 3 2013-14"]
[Site "Quebec CAN"]
[Date "2013.11.14"]
[Round "1"]
[White "Lapierre, Gaetan"]
[Black "Bender, Karl"]
[Result "1-0"]
[WhiteElo "1941"]
[BlackElo "1603"]
[PlyCount "59"]
[GameId "2160767909216458"]
[EventDate "2013.11.14"]
[EventType "swiss"]
[EventRounds "5"]
[EventCountry "CAN"]
[SourceTitle "EXT 2022"]
[Source "ChessBase"]
[SourceDate "2021.10.06"]
[SourceVersion "1"]
[SourceVersionDate "2021.10.06"]
[SourceQuality "1"]

1. e4 c5 2. Nc3 g6 3. f4 Bg7 4. Nf3 d6 5. Bc4 Nc6 6. O-O e6 7. d3 Nge7 8. Kh1 O-O 9. a3 a6 10. Ba2 b5 11. Ne2 d5 12. exd5 exd5 13. d4 c4 14. h3 Nf5 15. Ne5 Bb7 16. c3 a5 17. Bb1 Nd6 18. Nxc6 Bxc6 19. f5 Re8 20. Nf4 Ne4 21. Qf3 Qh4 22. Kh2 Qe7 23. fxg6 fxg6 24. Bc2 Qd6 25. g3 Rf8 26. h4 h6 27. Qg4 Bd7 28. Qe2 Rae8 29. Be3 g5 30. hxg5 1-0

[Event "Montcalm op 3 2013-14"]
[Site "Quebec CAN"]
[Date "2013.11.14"]
[Round "1"]
[White "Martin, Jerome"]
[Black "Bourassa, Andre"]
[Result "0-1"]
[WhiteElo "1293"]
[BlackElo "1743"]
[PlyCount "62"]
[GameId "2160767909216459"]
[EventDate "2013.11.14"]
[EventType "swiss"]
[EventRounds "5"]
[EventCountry "CAN"]
[SourceTitle "EXT 2022"]
[Source "ChessBase"]
[SourceDate "2021.10.06"]
[SourceVersion "1"]
[SourceVersionDate "2021.10.06"]
[SourceQuality "1"]

1. e4 c5 2. Bc4 Nc6 3. Nf3 d6 4. Nc3 e6 5. d3 a6 6. O-O Na5 7. b3 g6 8. d4 Nxc4 9. bxc4 Bg7 10. e5 dxe5 11. dxe5 Qc7 12. Qd6 Qxd6 13. exd6 Bxc3 14. Rb1 Rb8 15. Rb3 Bg7 16. Rb6 Bd7 17. Be3 Bc6 18. Rfb1 Bxf3 19. gxf3 Bd4 20. Rxb7 Rd8 21. Bxd4 cxd4 22. c5 Nf6 23. Re7+ Kf8 24. c6 Nd5 25. c7 Nxc7 26. Rxc7 Rxd6 27. Rbb7 Kg7 28. Rxf7+ Kh6 29. Rf6 Rc8 30. Rb2 Rc7 31. f4 Kg7 0-1